<?xml version="1.0" encoding="UTF-8"?><?xml-stylesheet type="text/xsl" href="static/style.xsl"?><OAI-PMH xmlns="http://www.openarchives.org/OAI/2.0/" xmlns:xsi="http://www.w3.org/2001/XMLSchema-instance" xsi:schemaLocation="http://www.openarchives.org/OAI/2.0/ http://www.openarchives.org/OAI/2.0/OAI-PMH.xsd"><responseDate>2026-04-17T14:58:32Z</responseDate><request verb="GetRecord" identifier="oai:www.recercat.cat:2072/465887" metadataPrefix="marc">https://recercat.cat/oai/request</request><GetRecord><record><header><identifier>oai:recercat.cat:2072/465887</identifier><datestamp>2025-05-08T13:42:42Z</datestamp><setSpec>com_2072_98</setSpec><setSpec>col_2072_378192</setSpec></header><metadata><record xmlns="http://www.loc.gov/MARC21/slim" xmlns:dcterms="http://purl.org/dc/terms/" xmlns:xsi="http://www.w3.org/2001/XMLSchema-instance" xmlns:doc="http://www.lyncode.com/xoai" xsi:schemaLocation="http://www.loc.gov/MARC21/slim http://www.loc.gov/standards/marcxml/schema/MARC21slim.xsd">
   <leader>00925njm 22002777a 4500</leader>
   <datafield ind2=" " ind1=" " tag="042">
      <subfield code="a">dc</subfield>
   </datafield>
   <datafield ind2=" " ind1=" " tag="720">
      <subfield code="a">Paladines Paredes, Lenin Vladimir</subfield>
      <subfield code="e">author</subfield>
   </datafield>
   <datafield ind2=" " ind1=" " tag="720">
      <subfield code="a">Aliagas, Cristina</subfield>
      <subfield code="e">author</subfield>
   </datafield>
   <datafield ind2=" " ind1=" " tag="260">
      <subfield code="c">2023</subfield>
   </datafield>
   <datafield ind2=" " ind1=" " tag="520">
      <subfield code="a">Altres ajuts: acords transformatius de la UAB</subfield>
   </datafield>
   <datafield ind2=" " ind1=" " tag="520">
      <subfield code="a">In this study, we examine various aspects of BookTubers' literacy practices, regarding the personal and social factors that lead readers to devote themselves to the BookTube community, the elements that BookTubers consider as they create and publish video book reviews and the sort of literary learning this digital literacy practice entails. For this purpose, narrative interviews were conducted with six BookTubers, five of them from Latin America and one from Spain. Their answers offer insights into the motivations and unique types of learning that come together in this literary practice. A qualitative analysis of the interviews shows that affective engagement with books is a singular feature of BookTubers' understanding of reading culture and that literary video reviews are created in a complex bricolage process where resources, skills and knowledge are mobilised and develop, both aspects also being associated with the development of an online social reading identity. In addition, an ecological approach to analysing literacy and literary learning in the BookTuber culture points to the importance of framing video book reviews as a didactic resource with considerable potential to bring new learning practices to in-school literary education.</subfield>
   </datafield>
   <datafield tag="653" ind2=" " ind1=" ">
      <subfield code="a">BookTube</subfield>
   </datafield>
   <datafield tag="653" ind2=" " ind1=" ">
      <subfield code="a">Literary learning</subfield>
   </datafield>
   <datafield tag="653" ind2=" " ind1=" ">
      <subfield code="a">Video book reviews</subfield>
   </datafield>
   <datafield tag="653" ind2=" " ind1=" ">
      <subfield code="a">Youth online literary practices</subfield>
   </datafield>
   <datafield ind2="0" ind1="0" tag="245">
      <subfield code="a">Literacy and literary learning on BookTube through the lenses of Latina BookTubers</subfield>
   </datafield>
</record></metadata></record></GetRecord></OAI-PMH>